00797 a2200169 4500003000500000005001700005040000900022082001500031100002600046245004300072260002500115300001200140505030600152942001200458999001900470952013800489Nust20221220120039.0 cNust a128.3, CHI aJoseph Chiari9105336 aRealism and ImaginationcJoseph Chiari alondonbBarriec1960 a216,p.; aThe Comfort Of Words (Page-7), Reality And Its Apprehension (Page-18), Realism And Imagination Throughout The Centuries (Page-38), Realism And Naturalism As Aesthetic Creeds (Page-72), Realism And Abstraction (Page-84), Art And Reality (Page-99), Symbolism And Reality (Page-109), Tragedy (Page-146). 2ddccBK c193729d193729 00102ddc4070aMCSbMCScGENd2016-12-12l1o128.3,CHIpMCS29107r2024-09-25s2024-09-16w2016-12-12yBKzAlmirah No.46, Shelf No.2